[Event "CZE-ch U10"]
[Site "Teplice"]
[Date "2023.11.16"]
[Round "3"]
[White "Fadrny, Jonas"]
[Black "Kletecka, Filip"]
[Result "1-0"]
[WhiteElo "1317"]
[BlackElo "1000"]
[PlyCount "85"]
[EventDate "2023.11.15"]
[EventType "swiss"]
[EventRounds "9"]
[EventCountry "CZE"]
[SourceTitle "CB47_2023"]
[SourceDate "2023.11.22"]
[SourceVersion "1"]
[SourceVersionDate "2023.11.22"]
[SourceQuality "1"]

1. e4 d6 2. Nc3 Nf6 3. Nf3 c6 4. d4 b5 5. a3 g6 6. Be2 Bg7 7. 0-0 0-0 8. d5 Bb7 9. Be3 a5 10. dxc6 Nxc6 11. Bxb5 Ng4 12. Bxc6 Bxc6 13. Qd3 Nxe3 14. Qxe3 Rb8 15. Rab1 e6 16. Rfd1 Qe7 17. Nd4 Ba8 18. f3 Rfc8 19. Rd2 Rc4 20. b3 Bxd4 21. Rxd4 Rxd4 22. Qxd4 e5 23. Qd3 Qa7+ 24. Kh1 a4 25. Qxd6 axb3 26. Rxb3 Rxb3 27. cxb3 Qe3 28. Qb8+ Kg7 29. Qxe5+ f6 30. Qc7+ Kh6 31. h3 Qe1+ 32. Kh2 Qf2 33. Qf4+ g5 34. Qxf6+ Kh5 35. Qf7+ Kh6 36. Qf8+ Kh5 37. e5 g4 38. fxg4+ Kg6 39. Qxf2 Kg7 40. Qf6+ Kg8 41. e6 Bc6 42. Qf7+ Kh8 43. Qf8# 1-0